000 00289nam a22001217a 4500
999 _c152812
_d152812
082 _a
_b
100 _aMontgomery Martin
245 _aIndian historical researches (v.39)/
_cby Montgomery Martin.
260 _aNew Delhi:
_bCosmo,
_c1976.
300 _a713p.
650 _a
942 _cBK